Understanding housing defects. (Record no. 96990)

MARC details
000 -LEADER
fixed length control field 00983cam a2200277 4500
008 - FIXED-LENGTH DATA ELEMENTS--GENERAL INFORMATION
fixed length control field 090401t1998 xxu||||| |||| 00| 0 eng d
020 ## - INTERNATIONAL STANDARD BOOK NUMBER
International Standard Book Number 0728202956
020 ## - INTERNATIONAL STANDARD BOOK NUMBER
International Standard Book Number 0728202905
035 ## - SYSTEM CONTROL NUMBER
System control number (Sirsi) u84917
041 ## - LANGUAGE CODE
Language code of text/sound track or separate title eng
050 ## - LIBRARY OF CONGRESS CALL NUMBER
Classification number 690.25
100 ## - MAIN ENTRY--PERSONAL NAME
Personal name Marshall, Duncan
245 ## - TITLE STATEMENT
Title Understanding housing defects.
260 ## - PUBLICATION, DISTRIBUTION, ETC.
Place of publication, distribution, etc. London
Name of publisher, distributor, etc. Estates Gazette
Date of publication, distribution, etc. 1998
300 ## - PHYSICAL DESCRIPTION
Extent vi,352p. : ill. ; 30cm.
350 ## - PRICE (NR) (BK AM CF MU VM SE) [OBSOLETE]
Price 27.5
520 ## - SUMMARY, ETC.
Summary, etc. Provides a comprehensive introduction to the causes, investigation and diagnosis of housing defects. Explains why and how defects occur and how defects can be recognised and identified. Includes chapters on foundations, brickwork, floors, roofs and damp.
520 ## - SUMMARY, ETC.
Summary, etc. Superseded by second edition (ISBN 0728204177).
650 ## - SUBJECT ADDED ENTRY--TOPICAL TERM
Topical term or geographic name entry element BUILDING FAILURES
650 ## - SUBJECT ADDED ENTRY--TOPICAL TERM
Topical term or geographic name entry element HOUSING DEFECTS
690 ## - LOCAL SUBJECT ADDED ENTRY--TOPICAL TERM (OCLC, RLIN)
Topical term or geographic name as entry element BUILT ENVIRONMENT-BUILDING PATHOLOGY
700 ## - ADDED ENTRY--PERSONAL NAME
Personal name Worthing, Derek
700 ## - ADDED ENTRY--PERSONAL NAME
Personal name Heath, Roger
942 ## - ADDED ENTRY ELEMENTS (KOHA)
Suppress in OPAC 0
948 ## - LOCAL PROCESSING INFORMATION (OCLC); SERIES PART DESIGNATOR (RLIN)
c (OCLC) 17/03/1998
Holdings
Withdrawn status Lost status Source of classification or shelving scheme Damaged status Not for loan Home library Current library Shelving location Date acquired Total Checkouts Full call number Barcode Date last seen Date last checked out Copy number Price effective from Koha item type
    Dewey Decimal Classification     London London Basement 27/03/2000 20 SHELF 329 30060814 06/08/2019 19/12/2005 1 06/08/2019 Book